Cratilo /
Las obras contenidas aquí son editadas por la Universidad Nacional Autónoma de México y pertenecen a la colección Bibliotheca Scriptorum Graecorum et Romanorum Mexicana. Carecen de numeración de volúmenes, por lo que cada número se indicará de acuerdo al orden del procesamiento de la información.
שמור ב:
| מחבר ראשי: | |
|---|---|
| מחברים אחרים: | |
| פורמט: | ספר |
| שפה: | ספרדית |
| יצא לאור: |
México :
UNAM, Instituto de Investigaciones Filológicas,
1988, c1988
|
| סדרה: | (Bibliotheca Scriptorum Graecorum et Romanorum Mexicana)
|
| נושאים: | |
| תגים: |
אין תגיות, היה/י הראשונ/ה לתייג את הרשומה!
|
MARC
| LEADER | 00000nam^a2200000^a^4500 | ||
|---|---|---|---|
| 001 | 000327838 | ||
| 005 | 20250521000000.0 | ||
| 009 | 20260310113850.143 | ||
| 020 | |a 968-36-0207-X | ||
| 037 | |a Acervo Xavier Clavigero | ||
| 041 | |a ESP | ||
| 082 | |a 184. |b PLA COL UNI V. 5 | ||
| 100 | |a Platón |e (autor) | ||
| 240 | 1 | 1 | |a [Obras de Platón] |
| 240 | 1 | 1 | |a [Obras completas de Platón] |
| 240 | 1 | 1 | |a [Cratilo] |
| 245 | 1 | 0 | |a Cratilo / |c Platón ; introd., notas y tr. por U. Schmidt Osmanczik. |
| 264 | 4 | |a México : |b UNAM, Instituto de Investigaciones Filológicas, |c 1988, c1988 | |
| 300 | |a CXLVII, 90, 90 p. | ||
| 336 | |a texto |b txt |2 rdacontenido | ||
| 337 | |a sin mediación |b n |2 rdamedio | ||
| 338 | |a volumen |b nc |2 rdasoporte | ||
| 440 | 1 | |a (Bibliotheca Scriptorum Graecorum et Romanorum Mexicana) | |
| 520 | |a Las obras contenidas aquí son editadas por la Universidad Nacional Autónoma de México y pertenecen a la colección Bibliotheca Scriptorum Graecorum et Romanorum Mexicana. Carecen de numeración de volúmenes, por lo que cada número se indicará de acuerdo al orden del procesamiento de la información. | ||
| 520 | |a El Cratilo es un diálogo que trata sobre el significado de la palabra o la función semántica del lenguaje. | ||
| 545 | 0 | |a Platón (427-347 a.C.), filósofo griego nacido en Atenas. En el año 387 a.C. fundó en su ciudad natal la Academia, considerada como la primera escuela de filosofía. Su pensamiento se recoge en los aproximadamente 30 diálogos y cartas que escribió, los cuales se clasifican en cuatro etapas: de la juventud o influjo socrático, de la transición, de la madurez y de la vejez. Su pensamiento plantea la aspiración del hombre por el conocimiento, el bien, la armonía con la ciudad y su relación con lo divino; en consecuencia sus diálogos abordan principalmente temáticas de epistemología, ética, estética, cosmología, educación y política. | |
| 546 | |a Edición bilingüe español-griego | ||
| 649 | |a XX | ||
| 650 | |a Lenguaje - |x Tema Principal | ||
| 650 | |a Semántica | ||
| 650 | |a Lingüística | ||
| 650 | |a Filosofía del Lenguaje | ||
| 650 | |a Diálogos Griegos | ||
| 650 | |a Literatura Griega | ||
| 650 | |a Literatura Clásica | ||
| 650 | |a Escuela Platónica (Academia) - |x Tema Principal | ||
| 650 | |a Socráticos | ||
| 650 | |a Filosofía Griega | ||
| 650 | |a Filosofía Clásica | ||
| 700 | |a Schmidt Osmanczik, Ute |e (introducción, notas y traducción) | ||
| 910 | |a Fondo General | ||
| 920 | |a Impresos - Libros | ||
| 930 | |a Colección General | ||
| 905 | |a 101 | ||
| 901 | |a 051578 |b IT1 |c ACC |u 20250521 | ||
| 901 | |a 051577 |b IT1 |c ACC |u 20250521 | ||
| 902 | |a https://opac.biblio.iteso.mx/vufind/Record/000327838 | ||